Score 0/30 Timer 07:00
4 Plays Today
% Correct
Ravenclaw
95.5%
Loony Lovegood
89.9%
Dobby
81.5%
Hermione Granger
79.8%
Ollivander
78.2%
Neville Longbottom
78%
Nine
77.9%
Ginny Weasley
77.7%
Dumbledore's Army
77.4%
Bellatrix Lestrange
77.4%
Xenophilius Lovegood
76.7%
The Quibbler
76.1%
Thestrals
74.2%
Harry Potter
73.1%
Hare
71.6%
% Correct
Gryffindor and Hufflepuff
65.7%
Ron Weasley
64.9%
Newt Scamander
63.2%
Butterbeer
63.2%
Evanna Lynch
56.7%
The Sword of Gryffindor
56.4%
Dirigible Plum (Radish)
56%
Alecto Carrow
55.8%
Felix Felicis
51.3%
Behind her left ear
50.1%
Gnome
35.8%
The Crumple-Horned Snorkack
26.3%
Stubby Boardman
22%
Seamus Finnigan and Ernie Macmillan
14.1%
Colloportus
9%
Remove Ads.
Support Sporcle.
Get the best of Sporcle when you Go Orange. This ad-free experience offers more features, more stats, and more fun while also helping to support Sporcle. Thank you for becoming a member.

You're not logged in!

Compare scores with friends on all Sporcle quizzes.
OR
Log In

Show Comments

Extras

Top Quizzes Today


Score Distribution

Your Account Isn't Verified!

In order to create a playlist on Sporcle, you need to verify the email address you used during registration. Go to your Sporcle Settings to finish the process.

Report this User

Report this user for behavior that violates our Community Guidelines.

Details: